Statystyki dla Strzelcy Realu Madryt w sezonie 2019/2020

Kliknij tutaj aby rozwiązać quiz!

Ogólne statystyki

  • Ten quiz został rozwiązany 207 razy
  • Średni wynik to 16 z 22

Statystyki odpowiedzi

golepiłkarz% Poprawnych
27Karim Benzema
100%
4Luka Modric
98%
13Sergio Ramos
95%
5Toni Kroos
91%
5Vinicius
91%
2Marcelo
87%
5Casemiro
81%
3Raphael Varane
81%
7Rodrygo
81%
1Dani Carvajal
79%
1Eden Hazard
79%
3Gareth Bale
77%
3Marco Asensio
71%
1Ferland Mendy
70%
2Federico Valverde
65%
2Isco
65%
2Luka Jovic
57%
2Nacho
55%
3Lucas Vazquez
54%
1Mariano Diaz
48%
1Brahim Diaz
37%
1James Rodriguez
29%

Rozkład punktacji

Percentyl według liczby udzielonych odpowiedzi

Procent ludzi z każdym wynikiem

Twoja historia wyników

Nie rozwiązałeś tego quizu